ბათუმის შოთა რუსთაველის სახელმწიფო უნივერსიტეტის ბიბლიოთეკა

Прокурорский надзор (ბიბ.ჩანაწერი № 36064)

000 -LEADER
fixed length control field 00612nam a2200229Ia 4500
001 - CONTROL NUMBER
control field 1964
003 - CONTROL NUMBER IDENTIFIER
control field GE_BSU
008 - FIXED-LENGTH DATA ELEMENTS--GENERAL INFORMATION
fixed length control field 181216s||||||||xx |||||||||||||| ||und||
020 ## - INTERNATIONAL STANDARD BOOK NUMBER
International Standard Book Number 5969200425
040 ## - CATALOGING SOURCE
Transcribing agency GE_BSU
080 ## - UNIVERSAL DECIMAL CLASSIFICATION NUMBER
Universal Decimal Classification number 347.9(075.8)
245 ## - TITLE STATEMENT
Title Прокурорский надзор
245 ## - TITLE STATEMENT
Remainder of title Для студ. вузов
245 ## - TITLE STATEMENT
Statement of responsibility, etc. Под общ. ред. Ю.Е. Винокурова
260 ## - PUBLICATION, DISTRIBUTION, ETC.
Place of publication, distribution, etc. Москва
260 ## - PUBLICATION, DISTRIBUTION, ETC.
Name of publisher, distributor, etc. Высшее образование
260 ## - PUBLICATION, DISTRIBUTION, ETC.
Date of publication, distribution, etc. 2006
300 ## - PHYSICAL DESCRIPTION
Extent 460стр.
653 ## - INDEX TERM--UNCONTROLLED
Uncontrolled term Прокурорский надзор
942 ## - ADDED ENTRY ELEMENTS (KOHA)
Koha item type წიგნი
ეგზემპლარები
Withdrawn status Lost status Damaged status Not for loan Date acquired Barcode Date last seen Price effective from Koha item type
        2018-12-17 3798 2018-12-17 2018-12-17 წიგნი